000 00852nam a2200241 a 4500
001 000025551
005 20200930023854.0
008 110217s1928 sp c r 001 0 spa d
040 _aDO-SdBNP
_bspa
_cBNPHU
082 _axxxxx
_bA752c
100 1 _aArnold, Robert F.
_952219
245 1 0 _aCultura del renacimiento /
_cRobert F. Arnold ; traducción Salvador Minguijón y Adrián.
250 _a2a ed.
260 _aBarcelona, España :
_bLabor,
_c1928.
300 _a173 p. :
_bretrs. ;
_c19 cm.
490 1 _aLabor, sección ciencias históricas ;
_v21
500 _aIncluye índice alfabético.
500 _aIncluye referencia bibliográfica p. [164-168].
700 1 _aMinguijón, Salvador,
_etr.
_epról.
_952220
700 1 _aMinguijón, Adrián,
_etr.
_952221
830 0 _aLabor, sección ciencias históricas ;
_n21
_952222
049 _aBNGR
999 _c25043
_d25043